Statistics for Senegal Football Team World Cup Starting XI

Click here to take the quiz!

General Stats

  • This quiz has been taken 303 times
    (236 since last reset)
  • The average score is 10 of 29

Answer Stats

Player% Correct
Sadio Mané
94%
Edouard Mendy
85%
Kalidou Koulibaly
85%
Nampalys Mendy
85%
Boulaye Dia
68%
Idrissa Gueye
58%
Ismaila Sarr
55%
Aliou Cissé
42%
Abdou Diallo
39%
Youssouf Sabaly
34%
El Hadji Diouf
32%
M'Baye Niang
32%
Mame Biram Diouf
31%
Papa Bouba Diop
27%
Pape Malick Diop
27%
Alfred N'Diaye
25%
Iliman Ndiaye
25%
Khadim N'Diaye
25%
Salif Sané
25%
Krépin Diatta
24%
Lamine Diatta
23%
Henri Camara
20%
Ismail Jakobs
19%
Khalilou Fadiga
10%
Moussa Wagué
10%
Salif Diao
9%
Tony Sylva
9%
Ferdinand Coly
6%
Omar Daf
5%

Score Distribution

Percentile by Number Answered

Percent of People with Each Score

Your Score History

You have not taken this quiz since the last reset